Top 10 U.S. States by Average Snowfall - Statistics

General Stats
  • This quiz has been taken 162 times
  • The average score is 9 of 10
Answer Stats
inches State % Correct
77.3 Maine
96%
89.3 Vermont
93%
64.5 Alaska
92%
55.3 New York
91%
71.4 New Hampshire
90%
60.7 Michigan
88%
67.30 Colorado
78%
51.1 Massachusetts
78%
45.8 Wisconsin
78%
51.0 Wyoming
75%
No matching quizzes found
Score Distribution
Percent of People with Each Score
Percentile by Number Answered
Your Score History
You have not taken this quiz